Metals handbook Vol.1 / (Record no. 60840)
[ view plain ]
| 000 -LEADER | |
|---|---|
| fixed length control field | 01509cam a2200313 a 4500 |
| 001 - CONTROL NUMBER | |
| control field | 2427219 |
| 003 - CONTROL NUMBER IDENTIFIER | |
| control field | NUST-PNEC |
| 005 - DATE AND TIME OF LATEST TRANSACTION | |
| control field | 20170116180708.0 |
| 008 - FIXED-LENGTH DATA ELEMENTS--GENERAL INFORMATION | |
| fixed length control field | 870423m19001976ohua b 001 0 eng |
| 010 ## - LIBRARY OF CONGRESS CONTROL NUMBER | |
| LC control number | 87134431 |
| 022 ## - INTERNATIONAL STANDARD SERIAL NUMBER | |
| International Standard Serial Number | B000REOUXM |
| 040 ## - CATALOGING SOURCE | |
| Transcribing agency | PNEC |
| 050 00 - LIBRARY OF CONGRESS CALL NUMBER | |
| Classification number | TA459 |
| Item number | .M43 1964 |
| 082 ## - DEWEY DECIMAL CLASSIFICATION NUMBER | |
| Classification number | 669.102 LYM |
| 100 ## - MAIN ENTRY--PERSONAL NAME | |
| 9 (RLIN) | 450 |
| Personal name | Lyman, Taylor |
| 245 00 - TITLE STATEMENT | |
| Title | Metals handbook Vol.1 / |
| Statement of responsibility, etc. | prepared under the direction of the ASM Handbook Committee ; Taylor Lyman, editor. |
| 250 ## - EDITION STATEMENT | |
| Edition statement | 8th ed. |
| 260 ## - PUBLICATION, DISTRIBUTION, ETC. | |
| Place of publication, distribution, etc. | Metals Park, Ohio : |
| Name of publisher, distributor, etc. | American Society for Metals, |
| Date of publication, distribution, etc. | c1961 |
| 300 ## - PHYSICAL DESCRIPTION | |
| Extent | xi,1300 p. : |
| Other physical details | ill. ; |
| Dimensions | 29 cm. |
| 500 ## - GENERAL NOTE | |
| General note | Includes Index http://www.amazon.com/Metals-Handbook-8th-Properties-Selection/dp/B000REOUXM/ref=sr_1_1?s=books&ie=UTF8&qid=1412144077&sr=1-1&keywords=METALS+HANDBOOK+8TH+EDITION+BY+TAYLOR+LYMAN |
| 504 ## - BIBLIOGRAPHY, ETC. NOTE | |
| Bibliography, etc. note | Includes bibliographies and indexes. |
| 505 0# - FORMATTED CONTENTS NOTE | |
| Formatted contents note | -- v. 2. Heat treating, cleaning, and finishing -- v. 3. Machining -- v. 4. Forming -- v. 5. Forging and casting -- v. 6. Welding and brazing -- v. 7. Atlas of microstructures of industrial alloys -- v. 8. Metallography, structures, and phase diagrams -- v. 9. Fractography and atlas of fractographs -- v. 10. Failure analysis and prevention -- v. 11. Nondestructive inspection and quality control. |
| 650 #0 - SUBJECT ADDED ENTRY--TOPICAL TERM | |
| Topical term or geographic name entry element | Metals |
| General subdivision | ME |
| 700 1# - ADDED ENTRY--PERSONAL NAME | |
| Personal name | Lyman, Taylor. |
| 700 1# - ADDED ENTRY--PERSONAL NAME | |
| Personal name | Boyer, Howard E. |
| 710 2# - ADDED ENTRY--CORPORATE NAME | |
| Corporate name or jurisdiction name as entry element | ASM Handbook Committee. |
| 906 ## - LOCAL DATA ELEMENT F, LDF (RLIN) | |
| a | 7 |
| b | cbc |
| c | orignew |
| d | 2 |
| e | ncip |
| f | 19 |
| g | y-gencatlg |
| 942 ## - ADDED ENTRY ELEMENTS (KOHA) | |
| Source of classification or shelving scheme | |
| Koha item type | Book |
| Withdrawn status | Lost status | Source of classification or shelving scheme | Damaged status | Not for loan | Permanent Location | Current Location | Shelving location | Date acquired | Total Checkouts | Full call number | Barcode | Date last seen | Price effective from | Koha item type |
|---|---|---|---|---|---|---|---|---|---|---|---|---|---|---|
| Pakistan Navy Engineering College (PNEC) | Pakistan Navy Engineering College (PNEC) | Reference | 669.102 LYM | PNECLIB-003079 | 10/01/2014 | Book |
